100 Bands and Music Groups by Picture - Statistics

General Stats
  • This quiz has been taken 353 times
    293 since last reset
  • The average score is 36 of 100
Answer Stats
Picture Answer % Correct
The Beatles
93%
Queen
90%
Spice Girls
89%
The Jackson 5
86%
Abba
84%
Nirvana
83%
One Direction
79%
Green Day
75%
Green Day
75%
Maroon 5
75%
ACDC
70%
The Rolling Stones
69%
The Beach Boys
68%
The Bee Gees
68%
Destiny's Child
67%
Oasis
67%
Coldplay
66%
BTS
65%
Backstreet Boys
64%
Jonas Brothers
63%
Simon and Garfunkel
63%
U2
62%
Fleetwood Mac
61%
Black Eyed Peas
60%
The Doors
55%
NSYNC
54%
The Police
52%
Led Zeppelin
51%
Red Hot Chili Peppers
51%
Blackpink
50%
The Jimi Hendrix Experience
49%
Eurythmics
47%
Radiohead
47%
The Smiths
47%
Black Sabbath
46%
Sex Pistols
46%
The Cranberries
45%
Linkin Park
43%
Aerosmith
42%
Little Mix
42%
Pink Floyd
41%
TLC
41%
Earth, Wind and Fire
40%
The Mamas and the Papas
40%
Hall and Oates
38%
The Clash
37%
The Animals
36%
Carpenters
34%
Outkast
34%
Maneskin
33%
Boyz II Men
32%
Eagles
32%
Paramore
32%
Take That
32%
Arctic Monkeys
31%
Van Halen
30%
New Kids On The Block
29%
Fall Out Boy
28%
Fifth Harmony
28%
The Kinks
27%
Bananarama
23%
Deep Purple
22%
McFly
20%
Sugababes
20%
Girls Aloud
19%
Westlife
19%
All Saints
18%
Goo Goo Dolls
17%
Busted
16%
DNCE
16%
The Jam
15%
The Script
13%
Five
12%
The Strokes
12%
En Vogue
11%
Nine Inch Nails
11%
Wet Leg
11%
Sonic Youth
10%
The Roots
10%
Chase Atlantic
9%
MKTO
9%
Portishead
9%
The Last Dinner Party
9%
The Vamps
9%
New Edition
8%
Yeah Yeah Yeahs
8%
Royal Blood
7%
Goldie Lookin Chain
6%
Menudo
6%
B2K
4%
Blackstreet
4%
Joker Out
4%
Alter Bridge
3%
Dream Street
3%
LFO
3%
Vampire Weekend
3%
Say Now
2%
Ahez
1%
Remember Monday
1%
The Neigbourhood
1%
No matching quizzes found
Score Distribution
Percent of People with Each Score
Percentile by Number Answered
Your Score History
You have not taken this quiz since the last reset